000 00589nam a22002297a 4500
003 UA-OsUOA
001 39268
007 ta
008 20060614b un ||||| |||| 00| 0 ukr d
100 _aСтаднюк І.
090 _a821.161.1
_bС76
942 _cBK
040 _aUA-OsUOA
_bukr
_cUA-OsUOA
_dUA-OsUOA
245 _aЛюди не ангели
_bРоман
300 _a413 с.
955 _a3
041 _aukr
080 _a821.161.1
260 _aК.
_bДніпро
_c1981
650 7 _a82 Література. Літературознавство
_2UDC
999 _c325414
_d325414